Un soufflet : comédie-vaudeville en un acte /

Bibliographic Details
Main Author: Desnoyer, Charles, 1806-1858
Corporate Author: Théâtre de l'Ambigu-Comique (Paris, France)
Other Authors: Ennery, Adolphe d', 1811-1899, Chassaignon, Antoine (Printer)
Format: Book
Language:French
Published: Paris : Au Magasin théâtral, Marchant, boulevart Saint-Martin, no. 12, 1834
Series:Magasin théâtral.

MARC

Tag First Indicator Second Indicator Subfields
LEADER 00000cam a2200000Ia 4500
001 in00003477310
005 20151206102510.0
008 140725s1834 fr 000 d fre d
035 |a (OCoLC)ocn884579250 
035 |a (OCoLC)884579250 
040 |a TXA  |c TXA  |d UtOrBLW 
049 |a TXAM 
090 |a PQ1222  |b .M33 1834b no. 1 
100 1 |a Desnoyer, Charles,  |d 1806-1858. 
245 1 3 |a Un soufflet :  |b comédie-vaudeville en un acte /  |c par MM. Charles Desnoyers et Ad. Philippe. 
246 1 |i Binder's title:  |a Magasin theatral  |f [no.] 1 
264 1 |a Paris :  |b Au Magasin théâtral, Marchant, boulevart Saint-Martin, no. 12,  |c 1834 
264 3 |a [Paris] :  |b Imp. de Chassaignon, rue Gît-le-Cœur, 7 
300 |a 16 pages ;  |c 25 cm (octavo) 
336 |a text  |b txt  |2 rdacontent 
337 |a unmediated  |b n  |2 rdamedia 
338 |a volume  |b nc  |2 rdacarrier 
500 |a This item is number 22 in a volume of 25 theatrical plays bound together with spine title: Magasin theatral, 1. 
500 |a Printer statement from title page verso. 
500 |a "Représentée pour la première fois a Paris, sur le Théâtre de l'Ambigu-Comique, le 22 mars 1834." 
500 |a Title vignette. 
500 |a Text in double columns. 
500 |a Cast list on title page verso. 
700 1 |a Ennery, Adolphe d',  |d 1811-1899. 
700 1 |a Chassaignon, Antoine,  |e printer. 
710 2 |a Théâtre de l'Ambigu-Comique (Paris, France) 
830 0 |a Magasin théâtral. 
994 |a C0  |b TXA 
999 |a MARS 
999 f f |s 4f37ef91-c6a6-39b6-8e0b-3d9f44f2f347  |i 5fd8dd62-1617-3e80-bc5d-fdbfa30b0efa  |t 0 
952 f f |p noncirc  |a Texas A&M University  |b College Station  |c Cushing Memorial Library & Archives  |d Cushing: Dawson French (Does not check out)  |t 0  |e PQ1222 .M33 1834b no. 1  |h Library of Congress classification  |i unmediated -- volume 
998 f f |a PQ1222 .M33 1834b no. 1  |t 0  |l Cushing: Dawson French (Does not check out)